| 000 | 00572nam a2200205 u 4500 | ||
|---|---|---|---|
| 005 | 20210223130733.0 | ||
| 008 | 081016s2007 r 000 0 eng d | ||
| 020 | _a9685950253 | ||
| 035 | _aUPN01000163688 | ||
| 049 | _aI | ||
| 050 | 4 |
_aPZ78 _bR5.8 |
|
| 100 | 1 | _aRogers, Fred | |
| 245 | 1 | 3 |
_aLa vida secreta de las cosas / _cFred Rogers ; il. de Ixchel Estrada. |
| 260 |
_aMéxico : _bSerpentina, _c2007. |
||
| 300 |
_a27 p. : _bil. col. |
||
| 440 | 0 | _aPalabrario | |
| 650 | 4 |
_aCUENTOS FANTASTICOS _97897 |
|
| 650 | 4 |
_aJUEGOS DE PALABRAS _912219 |
|
| 905 | _aInfantil | ||
| 999 |
_c135801 _d135801 |
||